| 000 | 00000nam##2200000za#4500 |
| 001 | 9.602730 |
| 003 | CaOODSP |
| 005 | 20240212134142 |
| 007 | cr ||||||||||| |
| 008 | 150406|1992||||xxc|||||o f|0| 0 fre|d |
| 040 | |aCaOODSP|bfre |
| 043 | |an-cn--- |
| 086 | 1 |aNE22-1/1992-20F-PDF |
| 110 | 1 |aCanada. |bOffice national de l'énergie. |
| 245 | 10|aMotifs de décision, British Columbia Hydro and Power Authority et British Columbia Power Exchange Corporation : |h[ressource électronique]|bdemande en date du 29 avril 1991 en vue de l'obtention de permis autorisant l'exportation d'électricité garantie à court terme et d'énergie interruptible |
| 246 | 1 |iTitre de renvoi : |aBritish Columbia Hydro and Power Authority et British Columbia Power Exchange Corporation |
| 260 | |aCalgary - Alberta : |bOffice national de l'énergie |cDécembre 1992. |
| 300 | |a49p.|btableau |
| 490 | 1 |aMotifs de décision|vEW-2-91 |
| 500 | |aLe nº de catalogue (NE22-1/1992-20E) et l'ISBN (0-662-98051-4) de l'édition imprimée en anglais ont été incorrectement copiés dans cette édition électronique. |
| 590 | |a12-06-Supp|b2012-03-07 |
| 775 | 08|tReasons for decision in the matter of British Columbia Hydro and Power Authority, and British Columbia Power Exchange Corporation : |w(CaOODSP)9.572353 |
| 776 | 0#|tBritish Columbia Hydro and Power Authority et British Columbia Power Exchange Corporation : |w(CaOODSP)9.620774 |
| 830 | #0|aMotifs de décision (Canada. Office national de l'énergie)|vEW-2-91|w(CaOODSP)9.500899 |
| 856 | 40|ahttp://publications.gc.ca|qPDF|s97 Ko|uhttps://publications.gc.ca/collections/Collection/NE22-1-1992-20F.pdf|yEW-2-91 |